000 01606nam a22004453i 4500
001 EBC3050631
003 TR-AnTOB
005 20260212163249.0
006 m o d |
007 cr cnu||||||||
008 170103s2003 xx o ||||0 eng d
020 _z9780821355633
040 _aMiAaPQ
_beng
_erda
_epn
_cTR-AnTOB
_dMiAaPQ
041 0 _aeng
050 4 _aHC79.I55
_bG73 2004
090 _aHC79.I55
_bG73 2004
100 1 _aGrace, Jeremy,
_d1967-
_eauthor
_9152522
245 1 0 _aInformation and communication technologies and broad-based development :
_bpartial review of the evidence /
_cJeremy Grace, Charles Kenny, Christine Zhen-Wei Qiang with Jia Liu, Taylor Reynolds
264 1 _aWashington, DC, :
_bWorld Bank,
_c2003.
264 4 _c©2004
300 _aix, 53 p. :
_bill. ;
_c26 cm
336 _atext
_btxt
_2rdacontent
337 _aunmediated
_bn
_2rdamedia
338 _avolume
_bnc
_2rdacarrier
504 _aBIB
650 0 _aEconomic development.
_91528
650 0 _aInformation technology
_xEconomic aspects
_922939
650 0 _aInternet
_xEconomic aspects
_980331
650 0 _aTelecommunication
_xEconomic aspects
_9111982
650 0 _aEconomic development
_91528
700 1 _aKenny, Charles
_eauthor
_9152523
700 1 _aQiang, Christine Zhen-Wei
_eauthor
_9108391
700 1 _aLiu, Jia
_eauthor
_9152524
700 1 _aReynolds, Taylor
_eauthor
_9152525
710 2 _aWorld Bank
_919811
856 4 0 _uhttps://openknowledge.worldbank.org/entities/publication/6504ad4f-6c94-5d55-94f2-9f7be289279a
942 _2lcc
_cBK
999 _c200427978
_d45902